000 00609nam a2200181 i 4500
001 57643
003 ES-MaACL
005 20230906163621.0
007 t|
008 031017s1961 sp |||| | spa d
245 0 3 _aEl dolor precordial /
_cA. Armas y García ... [et al.].
260 _aSanta Cruz de Tenerife :
_bInstituto de Fisiología y Patología Regionales,
_c1961.
300 _a60 p. ;
_c22 cm.
650 4 _aCorazón-
_xEnfermedades.
_9144728
700 1 _aArmas García, A. de.
_922928
710 2 _aInstituto de Fisiología y Patología Regionales de Tenerife.
_94737
852 _aES-MaACL
_jC-23985
999 _c57643
_d57643